|
|
|
|
| LEADER |
00899nam a2200217 a 4500 |
| 008 |
090713s2002 nyu 001 0 eng d |
| 010 |
|
|
|a 99044765
|
| 020 |
|
|
|a 9780143029205
|
| 040 |
|
|
|a DLC
|c DLC
|d DLC
|
| 082 |
0 |
0 |
|a 956.05/3
|2 21
|
| 100 |
1 |
|
|a Said, Edward W.
|
| 245 |
1 |
4 |
|a The end of the peace process :
|b Oslo and after /
|c Edward W. Said.
|
| 260 |
|
|
|a New York;
|a New Delhi :
|b Pantheon Books;
|b Penguin,
|c 2000.
|
| 300 |
|
|
|a xxi, 418 p. ;
|c 25 cm.
|
| 500 |
|
|
|a Includes index.
|
| 541 |
1 |
|
|e 00015818
|
| 650 |
|
0 |
|a Arab-Israeli conflict
|y 1993-
|x Peace.
|
| 610 |
2 |
0 |
|a Israel.
|t Treaties, etc.
|g Munaẓẓamat al-Taḥrīr al-Filasṭīnīyah,
|d 1993 Sept. 13.
|
| 852 |
4 |
|
|a Ayesha Abed Library
|j General Shelf.
|
| 999 |
|
|
|c 2397
|d 2397
|
| 952 |
|
|
|0 0
|1 0
|2 ddc
|4 0
|6 956_053000000000000_SAI
|7 0
|9 2217
|a BRACUL
|b BRACUL
|c GEN
|d 2009-07-14
|g 960.00
|l 4
|m 29
|o 956.053 SAI
|p 3010015818
|r 2025-12-18
|s 2025-04-08
|t 1
|w 2009-07-14
|y BK
|